| 000 | 00773nam a2200217 i 4500 | ||
|---|---|---|---|
| 001 | 134225 | ||
| 003 | ES-MaACL | ||
| 005 | 20230906194628.0 | ||
| 007 | t| | ||
| 008 | 070906s1916 xxu ||||1| eng d | ||
| 100 | 1 |
_aWheeler, Everett Pepperrell. _9116616 |
|
| 245 | 1 | 2 |
_aA world court and international police / _cEverett P. Wheeler. |
| 260 |
_aBaltimore : _bAmerican society for judicial settlement of international disputes, _c1916. |
||
| 300 |
_a23 p. ; _c23 cm. |
||
| 490 | 1 |
_aJudicial settlement of international disputes ; _v26 |
|
| 650 | 1 | 4 |
_aArbitraje internacional. _99934 |
| 650 |
_aRelaciones internacionales. _916783 |
||
| 830 | 0 |
_aJudicial settlement of international disputes ; _v26 _9219830 |
|
| 852 |
_aES-MaACL _j1512-F-9 |
||
| 999 |
_c134225 _d134225 |
||